| 000 | 00416nam a2200157 i 4500 | ||
|---|---|---|---|
| 001 | 148746 | ||
| 003 | ES-MaACL | ||
| 005 | 20230906202802.0 | ||
| 007 | t| | ||
| 008 | 070214s1911 fr r ||||1| fre d | ||
| 100 | 1 |
_aSuau, Pierre. _9108674 |
|
| 245 | 1 | 2 |
_aL'Espagne _bterre de l'epopée / _cPierre Suau. |
| 260 |
_aParis : _bE. Grevin, _c1911. |
||
| 300 |
_a380 p. : _bil. ; _c19 cm. |
||
| 852 |
_aES-MaACL _jF-5843 |
||
| 999 |
_c148746 _d148746 |
||